Closest Genetic Populations to the Circassians - Statistics

General Stats
  • This quiz has been taken 16 times
  • The average score is 4 of 12
Answer Stats
Genetic Distance Ethnicity % Correct
2.892 Chechen
81%
4.296 Azerbaijani
69%
1.941 Ossetian
63%
1.142 Balkar
44%
1.442 Kumyk
38%
3.473 Lezgin
38%
1.876 Ingush
31%
0.925 Karachay
31%
3.932 Tabasaran
19%
1.953 Adygei
13%
1.251 Kabardian
13%
1.467 Abazin
6%
No matching quizzes found
Score Distribution
Percent of People with Each Score
Percentile by Number Answered
Your Score History
You have not taken this quiz